Business ethics: With everyone needs to know (Record no. 1224448)

MARC details
000 -LEADER
fixed length control field 00644nam a2200217Ia 4500
005 - DATE AND TIME OF LATEST TRANSACTION
control field 20241129104114.0
008 - FIXED-LENGTH DATA ELEMENTS--GENERAL INFORMATION
fixed length control field 241129s9999||||xx |||||||||||||| ||und||
020 ## - INTERNATIONAL STANDARD BOOK NUMBER
International Standard Book Number 9780190610272
037 ## - SOURCE OF ACQUISITION
Stock number Textual
040 ## - CATALOGING SOURCE
Original cataloging agency RTL
Language of cataloging eng
Transcribing agency RTL
041 ## - LANGUAGE CODE
Language code of text/sound track or separate title eng
Source of code eng
084 ## - COLON CLASSIFICATION NUMBER
Classification number X9:(R4) R2
Assigning agency RTL
100 ## - MAIN ENTRY--PERSONAL NAME
Personal name Nelson J S; Stout Lynn A
9 (RLIN) 724794
245 #0 - TITLE STATEMENT
Title Business ethics: With everyone needs to know
Statement of responsibility, etc. Nelson J S; Stout Lynn A
260 ## - PUBLICATION, DISTRIBUTION, ETC.
Place of publication, distribution, etc. United Kingdom
Name of publisher, distributor, etc. Oxford University Press
Date of publication, distribution, etc. 2022
300 ## - PHYSICAL DESCRIPTION
Extent xvii,513p.
365 ## - TRADE PRICE
Price type code INR
Price amount 6086.5
650 ## - SUBJECT ADDED ENTRY--TOPICAL TERM
Topical term or geographic name entry element Business Ethics
942 ## - ADDED ENTRY ELEMENTS (KOHA)
Koha item type Textbook
Classification part X9:(R4) R2
Holdings
Withdrawn status Lost status Damaged status Not for loan Home library Current library Date acquired Source of acquisition Cost, normal purchase price Inventory number Total Checkouts Full call number Barcode Date last seen Price effective from Koha item type
        Ratan Tata Library Ratan Tata Library 2024-11-29 Classic Book Service 6086.50 135 & 27/01/2023   X9:(R4) R2 RT1502384 2024-11-29 2024-11-29 Textbook
Copyright @ Delhi University Library System